000 00275nam a2200121Ia 4500
008 190216s9999||||xx |||||||||||||| ||und||
100 _aJhingan M L
245 0 _aModern Micro Economics
260 _bVrinda Pub
_c1997
300 _a144 p
650 _aEconomics
942 _cBK
999 _c10276
_d10276